000 00748cab a2200241 4500
001 WB3204-23
008 090401t1996 xxu||||| |||| 00| 0 eng d
035 _a(Sirsi) u8461
041 _aeng
245 _aParty Wall Bill
260 _c1996
350 _a0
490 _aDaily Telegraph
_v24 January 1996, 33(2)
520 _aThe Party Wall Bill which extends the London Building Acts to the rest of England and Wales could solve disputes between neighbours and prevent litigation.
650 _aDISPUTES
650 _aLONDON BUILDING ACTS (AMENDMENT) ACT 1939
650 _aNUISANCE
650 _aPARTY WALL BILL
650 _aParty walls
_96258
690 _aHIGHWAYS AND RIGHTS OF WAY-CASE LAW
942 _n0
948 _c04/03/1997
999 _c5214
_d5214